[Event "Russia Cup"]
[Site "St Petersburg RUS"]
[Date "2009.11.06"]
[Round "2.2"]
[White "Savchenko,B"]
[Black "Frolyanov,D"]
[Result "1/2-1/2"]
[WhiteElo "2644"]
[BlackElo "2571"]

1.Nf3 d5 2.c4 e6 3.g3 Nf6 4.Bg2 dxc4 5.O-O a6 6.a4 Nc6 7.Na3 Na5 8.Qc2 Qd5
9.Rd1 Bb4 10.d3 Nb3 11.Rb1 Nxc1 12.Rbxc1 c3 13.Nc4 cxb2 14.Qxb2 a5 15.Nd4 Qd8
16.Nc2 Qe7 17.Rb1 O-O 18.Nxb4 axb4 19.Qxb4 Qxb4 20.Rxb4 Nd5 21.Bxd5 exd5
22.Nb2 Re8 23.Kf1 c5 24.Rb5 Bh3+ 25.Ke1 Bg4 26.Rd2 c4 27.dxc4 dxc4 28.Rc5 Be6
29.Rd6 h6 30.Kd2 Reb8 31.Kc3 b5 32.Rxb5 Rxb5 33.axb5 Ra3+ 34.Kd4 Rb3 35.Nxc4 Rxb5
36.Nd2 Rh5 37.h4 g5 38.Ne4 Kg7 39.hxg5 hxg5 40.Rc6 Bf5 41.Nd6 Be6 42.Ke5 Rh2
43.Ne4 Bg4 44.f3 Bh5 45.g4 Bg6 46.Nc3 Rg2 47.Rc5 Rh2 48.Kd4 f6 49.Rc7+ Bf7
50.Kc5 Kg6 51.Rc6 Kg7 52.Kd6 Rh6 53.Ke7 Rh8 54.Rd6 Re8+ 55.Kd7 Re3 56.Rd3 Re5
57.e4 Ra5 58.Nd5 Ra6 59.Nc7 Ra5 60.Kd8 Ra4 61.Ke7 Ra5 62.Nd5 Ra7+ 63.Kd6 Ra6+
64.Kc5 Ra5+ 65.Kb6 Ra2 66.Rc3 Rd2 67.Kc6 Ra2 68.Ne3 Ra6+ 69.Kd7 Ra7+ 70.Kd6 Ra6+
71.Kc7 Ra7+ 72.Kb6 Ra2 73.Nf5+ Kg6 74.Rc6 Rb2+ 75.Kc7 Rb5 76.Ne7+ Kg7 77.Nf5+ Kg6
78.Kd6 Re5 79.Rc8 Re8 80.Rc7 Re6+ 81.Kd7 Re5 82.Rb7 Be8+ 83.Kd6 Bf7 84.Ne7+ Kg7
85.Nc6 Re8 86.e5 fxe5 87.Re7 Kf6 88.Rxe5 Rxe5 89.Nxe5 Bb3 90.Nd7+ Kf7 91.Ke5 Kg6
92.Kd6 Kf7 93.Ne5+ Kf6 94.Nc6 Bd1 95.Nd4 Ba4 96.Kd5 Bd1 97.Ke4 Ba4 98.Ne2 Bc6+
99.Ke3 Ba4 100.Nc3 Bb3 101.Kd3 Kg6 102.Ke4 Kf6 103.Kd4 Bc2 104.Kd5 Bb3+ 105.Kd6 Bc2
106.Ne4+ Kg6 107.Nc5 Bd1 108.Nd7 Kf7 109.Ke5 Bxf3 110.Kf5 Bxg4+  1/2-1/2

[Event "13th OIBM"]
[Site "Bad Wiessee GER"]
[Date "2009.11.07"]
[Round "9"]
[White "Wenner,T"]
[Black "Metz,Ha"]
[Result "0-1"]
[WhiteElo "2181"]
[BlackElo "2276"]

1.Nf3 d5 2.c4 d4 3.d3 c5 4.g3 Nc6 5.Bg2 e5 6.O-O Bd6 7.e3 Nge7 8.exd4 cxd4
9.a3 a5 10.Nbd2 Ng6 11.Re1 O-O 12.b3 Re8 13.Bb2 f5 14.Qc2 Bc5 15.Rad1 Bd7
16.Nf1 Qf6 17.h4 h6 18.h5 Nh8 19.Nh4 Re7 20.Bf3 Be8 21.Qe2 g5 22.hxg6 Nxg6
23.Bd5+ Kh7 24.Ng2 Bd7 25.Bc1 Rg7 26.Qh5 Nge7 27.Bf3 Rag8 28.Kh1 Qd6 29.a4 Qf6
30.Re2 Bb4 31.Qh4 Qd6 32.Nd2 Ng6 33.Qh5 Nh8 34.c5 Qg6 35.Nc4 Qxh5+ 36.Bxh5 f4
37.Nxe5 Nxe5 38.Rxe5 fxg3 39.f4 Ng6 40.Rd5 Bc6 41.Bxg6+ Rxg6 42.Rxd4 Re8
43.f5 Rf6 44.Rh4 Re2 45.Rg1 Rxf5 46.Bxh6 Kg6  0-1

[Event "3rd Asian Indoor Team Rapid S/F"]
[Site "Ha Long City VIE"]
[Date "2009.11.07"]
[Round "2"]
[White "Zhao Xue"]
[Black "Nodirjanova,N"]
[Result "1-0"]
[WhiteElo "2506"]
[BlackElo "2159"]

1.Nf3 d5 2.c4 dxc4 3.Qa4+ Nc6 4.e3 Nf6 5.Bxc4 e6 6.a3 Bd7 7.Qc2 Na5 8.Be2 c5
9.d3 Bd6 10.Nbd2 O-O 11.b3 Re8 12.Bb2 Rc8 13.Ne5 Nc6 14.Nxd7 Nxd7 15.Ne4 Be7
16.O-O f5 17.Nd2 Bf6 18.Rfc1 b6 19.Nc4 Qe7 20.Bf3 Nce5 21.Nxe5 Nxe5 22.Bh5 Red8
23.d4 Nd7 24.Be2 Rb8 25.a4 cxd4 26.exd4 Bg5 27.Re1 Nf6 28.Bc4 Nd5 29.Qe2 Kf7
30.g3 Rbc8 31.Ba3 Qf6 32.h4 Bh6 33.Qh5+ Kg8 34.Re5 Bd2 35.Qe2 Bc3 36.Rxe6 Qf7  1-0

[Event "48th XtraCon TCh-DEN 2009-10"]
[Site "Denmark DEN"]
[Date "2009.11.08"]
[Round "2"]
[White "Schyberg,B"]
[Black "Carstensen,J"]
[Result "0-1"]
[WhiteElo "2126"]
[BlackElo "2317"]

1.Nf3 d5 2.c4 e6 3.g3 Nf6 4.Bg2 Nc6 5.O-O Bd6 6.b3 O-O 7.Bb2 e5 8.cxd5 Nxd5
9.Na3 e4 10.Ne1 Re8 11.Rc1 Bf5 12.Nc4 Ne5 13.Nxd6 Qxd6 14.d3 exd3 15.e4 Bg4
16.Bxe5 Rxe5 17.Qxd3 Nb4 18.Qxd6 cxd6 19.f4 Ra5 20.a4 Rc8 21.Rxc8+ Bxc8 22.Rf2 Rc5
23.Rd2 Rc1 24.Kf2 Kf8 25.Rxd6 Ke7 26.Rd4 a5 27.Bf1 Rxe1 28.Rc4 Rxf1+ 29.Kxf1 Nc6
30.Kf2 Be6 31.Rc3 f6 32.Ke3 Kd6 33.Kd2 Nb4 34.Re3 Na6 35.Kc3 Nc5 36.e5+ Kd7
37.exf6 gxf6 38.Kb2 Kd6 39.Ka3 Bd7 40.Re1 h5 41.Rd1+ Ke6 42.Rc1 b6 43.Rd1 Ne4
44.Re1 Kf5 45.Rd1 Ke6 46.Re1 Bc6 47.Rc1 Nc5 48.Re1+ Be4 49.Rd1 Bd5 50.Re1+ Kf5
51.Rd1 Bxb3 52.Rd6 Bxa4 53.Rxb6 Be8 54.Rd6 Bf7 55.Rc6 Ne4 56.Ra6 Kg4 57.Rxa5 Kh3
58.Ra7 Be6 59.Re7 Bf5 60.g4 hxg4  0-1

[Event "World Youth U18"]
[Site "Antalya TUR"]
[Date "2009.11.12"]
[Round "1"]
[White "Woods,C"]
[Black "Narmontas,M"]
[Result "0-1"]
[WhiteElo "1996"]
[BlackElo "2370"]

1.Nf3 d5 2.c4 c6 3.e3 Nf6 4.Qc2 Bg4 5.Be2 e6 6.b3 Nbd7 7.Bb2 Bd6 8.Nc3 O-O
9.O-O e5 10.d3 Re8 11.Rfd1 Qe7 12.Rac1 Nf8 13.h3 Bd7 14.Bf1 Rad8 15.Ne2 Ng6
16.c5 Bb8 17.b4 e4 18.dxe4 Nxe4 19.Bd4 Nh4 20.Nxh4 Qxh4 21.g3 Qh6 22.h4 Bg4
23.Re1 g5 24.Bg2 gxh4 25.gxh4 Bh2+ 26.Kf1 Qxh4 27.Ng1 Be6 28.Nf3 Qh5  0-1

[Event "World Youth U18"]
[Site "Antalya TUR"]
[Date "2009.11.14"]
[Round "3"]
[White "Hanninger,S"]
[Black "Kleijn,C"]
[Result "1-0"]
[WhiteElo "2171"]
[BlackElo "2383"]

1.Nf3 d5 2.c4 c6 3.cxd5 cxd5 4.d4 Nf6 5.Nc3 Nc6 6.Bf4 e6 7.e3 Bd6 8.Bxd6 Qxd6
9.Bd3 O-O 10.O-O Bd7 11.Qe2 Rfe8 12.Rac1 a6 13.a3 e5 14.dxe5 Nxe5 15.Nxe5 Rxe5
16.Qf3 Rae8 17.Qf4 R8e6 18.Rfd1 Qb6 19.Rd2 Bc6 20.Bb1 h6 21.Rcd1 Rg5 22.Qd4 Qc7
23.h3 g6 24.b4 Qe7 25.a4 Qe8 26.Bc2 Nd7 27.h4 Rh5 28.b5 Qe7 29.bxc6 bxc6
30.Qf4 Rxh4 31.Qg3 Ne5 32.Bf5 Rd6 33.Bh3 Rc4 34.e4 d4 35.Ne2 d3 36.Nc1 Rcd4
37.f4 Nc4 38.e5 Nxd2 39.exd6 Qa7 40.Rxd2 Rc4+ 41.Kh2 Rxc1 42.Qxd3 Qg1+ 43.Kg3 Re1
44.Re2 Rd1 45.Qc3 Kh7 46.Re8 Rd4 47.Re1 Rd3+ 48.Qxd3 Qxe1+ 49.Kh2  1-0

[Event "Waling Dijkstra GpA"]
[Site "Leeuwarden NED"]
[Date "2009.11.14"]
[Round "3"]
[White "Arnaudov,P"]
[Black "Guliyev,N"]
[Result "0-1"]
[WhiteElo "2218"]
[BlackElo "2514"]

1.Nf3 d5 2.c4 d4 3.g3 Nc6 4.d3 e5 5.Bg2 Nf6 6.O-O Be7 7.b4 Nxb4 8.Nxe5 O-O
9.Bb2 Qd6 10.Nf3 c5 11.a3 Nc6 12.e4 dxe3 13.fxe3 Rd8 14.d4 cxd4 15.exd4 Bg4
16.Kh1 Nxd4 17.Qxd4 Bxf3 18.Bxf3 Qxd4 19.Bxd4 Rxd4 20.Nc3 Rxc4 21.Nd5 Kf8
22.Rad1 Rac8 23.Nxe7 Kxe7 24.Bxb7 Rb8 25.Rfe1+ Kf8 26.Rd6 Rc7 27.Bc6 h5 28.a4 Re7
29.Red1 Re6 30.Rd8+ Rxd8 31.Rxd8+ Ke7 32.Rc8 Re1+ 33.Kg2 Re2+ 34.Kf3 Rxh2
35.Bb5 Nd5 36.Ra8 f5 37.Rxa7+ Kf6 38.Bc4 Nc3 39.Ra6+ Ke5 40.Ra5+ Kd4 41.Bf7 g5
42.Rxf5 g4+ 43.Kf4 Ne2+ 44.Kg5 Nxg3 45.Rf4+ Ke3 46.Bxh5 Nxh5 47.Rxg4 Ng7
48.Kf6 Ne8+ 49.Ke7 Nc7 50.Kd6 Na6 51.Kc6 Rh6+ 52.Kb5 Nc7+ 53.Kc5 Ne6+ 54.Kb5 Nd4+
55.Kc5 Rh5+ 56.Kb6 Kd3 57.a5 Rb5+ 58.Kc7 Rxa5 59.Rg3+ Kc4 60.Rg1 Rh5 61.Rc1+ Kd5
62.Rd1 Rh6 63.Rd2 Kc5 64.Rd1 Rh7+ 65.Kc8 Ne6 66.Rc1+ Kb6 67.Rb1+ Kc6 68.Rc1+ Nc5
69.Kd8 Ra7 70.Ke8 Rh7 71.Kd8 Rf7 72.Ke8 Rf3 73.Kd8 Kd5 74.Rd1+ Ke5 75.Re1+ Ne4
76.Kd7 Rc3 77.Kd8 Rc2 78.Kd7 Rc4 79.Kd8 Ke6 80.Re2 Kd6 81.Re1 Nc3 82.Rh1 Nd5
83.Rh6+ Ke5 84.Rh5+ Ke6 85.Rh6+ Nf6 86.Rh1 Ng4 87.Rd1 Ne5 88.Re1 Rc2 89.Re3 Kd6
90.Re1 Rd2 91.Kc8 Nd7 92.Rh1 Nc5 93.Rh6+ Ne6 94.Rh1 Kc6 95.Rc1+ Nc5 96.Rh1 Rd6
97.Rc1 Rd5 98.Kb8 Rd8+ 99.Ka7 Rc8 100.Rc2 Re8 101.Rc1 Re2 102.Kb8 Ra2 103.Rh1 Nd7+  0-1

[Event "Las Americas Open"]
[Site "Medellin COL"]
[Date "2009.11.15"]
[Round "6"]
[White "Beltran,C2"]
[Black "Manrique,F"]
[Result "1-0"]
[WhiteElo "2242"]
[BlackElo "2019"]

1.Nf3 d5 2.c4 c6 3.e3 Nf6 4.b3 Bg4 5.Bb2 e6 6.Be2 Nbd7 7.h3 Bh5 8.d3 dxc4
9.bxc4 Bb4+ 10.Bc3 Bxc3+ 11.Nxc3 Nc5 12.Ne5 Qa5 13.Rc1 Nce4 14.Nxc6 bxc6
15.dxe4 Bxe2 16.Kxe2 O-O 17.Re1 Rfd8 18.Qc2 Qb4 19.Nb1 Rab8 20.Red1 Kf8 21.Rxd8+ Rxd8
22.e5 Ne8 23.Qc3 Rb8 24.Qxb4+ Rxb4 25.Nd2 Rb2 26.Ra1 f6 27.exf6 gxf6 28.Kd3 Nd6
29.Kc3 Rb7 30.a4 Ke7 31.c5 Nf5 32.Nc4 Nh4 33.Na5 Rc7 34.Rd1 Nf5 35.g4  1-0

[Event "World Youth U18"]
[Site "Antalya TUR"]
[Date "2009.11.16"]
[Round "5"]
[White "Pradeep,KR"]
[Black "Inonu,M"]
[Result "1/2-1/2"]
[WhiteElo "2202"]
[BlackElo "2002"]

1.Nf3 d5 2.c4 d4 3.g3 Nc6 4.Bg2 e5 5.d3 Nf6 6.O-O Nd7 7.e3 Be7 8.exd4 exd4
9.Re1 O-O 10.h4 Bf6 11.Ng5 Nde5 12.Ne4 Bg4 13.f3 Bf5 14.g4 Bxh4 15.gxf5 Bxe1
16.Qxe1 Nxd3 17.Qd2 Nxc1 18.f6 Ne2+ 19.Qxe2 gxf6 20.f4 f5 21.Ng5 Qf6 22.Nd2  1/2-1/2

[Event "World Youth U18"]
[Site "Antalya TUR"]
[Date "2009.11.16"]
[Round "6"]
[White "Janev,T"]
[Black "Hanninger,S"]
[Result "1-0"]
[WhiteElo "2335"]
[BlackElo "2171"]

1.Nf3 d5 2.c4 d4 3.e3 Nc6 4.exd4 Nxd4 5.Nxd4 Qxd4 6.Nc3 Nf6 7.d3 Bg4 8.Qa4+ Bd7
9.Qc2 e5 10.Be3 Qg4 11.h3 Qg6 12.O-O-O Bc6 13.Rg1 O-O-O 14.g4 Nd7 15.Nb5 Bxb5
16.cxb5 Kb8 17.Bg2 Nb6 18.Qb3 Qe6 19.Qxe6 fxe6 20.Rge1 Bd6 21.d4 Nc4 22.Bg5 Rdf8
23.Re2 h6 24.Bh4 g5 25.Bg3 exd4 26.Rxd4 Bxg3 27.fxg3 Nd6 28.Rxe6 Nxb5 29.Rd7 a6
30.Kd2 Rf2+ 31.Re2 Rxe2+ 32.Kxe2 Re8+ 33.Kd2 Re6 34.Rh7 Nd4 35.Kd3 Nc6 36.a3 Ne5+
37.Kd4 Nc6+ 38.Kc4 Ne7 39.h4 gxh4 40.gxh4 Ng6 41.h5 Nf4 42.Bf3 Re3 43.Rxh6 Rxf3
44.Rf6 Nd3 45.Rxf3 Ne5+ 46.Kd5 Nxf3 47.Ke6 Ng5+ 48.Kf6 Nh7+ 49.Kg7 Ng5 50.h6  1-0

[Event "Las Americas Open"]
[Site "Medellin COL"]
[Date "2009.11.16"]
[Round "8"]
[White "Beltran,C2"]
[Black "Martinez,Mau"]
[Result "1-0"]
[WhiteElo "2242"]
[BlackElo "2016"]

1.Nf3 d5 2.c4 dxc4 3.Qc2 c6 4.Qxc4 Nd7 5.Qc2 g6 6.Nc3 Bg7 7.d4 Nb6 8.Bf4 Nf6
9.h3 Nbd5 10.Be5 O-O 11.e4 Nxc3 12.bxc3 b6 13.Bd3 Nd7 14.Bxg7 Kxg7 15.O-O Qc7
16.Rac1 c5 17.Qe2 Bb7 18.Ba6 Bxa6 19.Qxa6 Nf6 20.Qe2 Rac8 21.e5 Nh5 22.g4 Nf4
23.Qe4 Ne6 24.d5 Qb7 25.c4 f5 26.exf6+ Rxf6 27.Rfe1 Rcf8 28.Rc3 Nd8 29.Qxe7+ R6f7
30.Qxb7 Nxb7 31.Ng5 Rxf2 32.Ne6+ Kg8 33.Nxf8 Rxf8 34.Re7 Rf7 35.Rxf7 Kxf7
36.Ra3 Na5 37.Rxa5 bxa5 38.Kf2 Kf6 39.Kf3 Ke5 40.Ke3 a4 41.Kd3 g5 42.Kc3 a5
43.Kb2 Kf4 44.d6  1-0

[Event "World Blitz"]
[Site "Moscow RUS"]
[Date "2009.11.18"]
[Round "38"]
[White "Ivanchuk,V"]
[Black "Tkachiev,V"]
[Result "1-0"]
[WhiteElo "2739"]
[BlackElo "2642"]

1.Nf3 d5 2.c4 c6 3.e3 Nf6 4.Nc3 e6 5.b3 Bd6 6.Bb2 O-O 7.Be2 dxc4 8.bxc4 e5
9.O-O Re8 10.Qc2 Bg4 11.h3 Bh5 12.Nh4 Bg6 13.Nxg6 hxg6 14.d4 Qe7 15.Rad1 Nbd7
16.Bf3 Rad8 17.g3 exd4 18.exd4 Qe6 19.c5 Bb8 20.Kg2 Nf8 21.Bc1 Qc8 22.Be3 Ne6
23.d5 cxd5 24.Nxd5 Nxd5 25.Rxd5 Rxd5 26.Bxd5 Rd8 27.Rd1 Rd7 28.Bf3 Rxd1 29.Qxd1 Nxc5
30.Qd5 b6 31.Qa8 Qd8 32.Bd5 Bc7 33.Qc6 Qe7 34.h4 Bd6 35.Bg5 Qc7 36.Qe8+ Bf8
37.Be3 Qd7 38.Qa8 Qe7 39.Qc6 Qd6 40.Qa8 Qe7 41.Bf3 Qd6 42.Qxa7 Be7 43.Qa8+ Kh7
44.Bd5 Ne6 45.Qb7 Bd8 46.Bf3 Bc7 47.a4 Nc5 48.Qa7 Ne6 49.Qa8 Nc5 50.Bd5 Ne6
51.Be4 Nc5 52.Bc2 f5 53.h5 gxh5 54.Bxf5+ g6 55.Bc2 Qe7 56.Qc6 Qd6 57.Qe8 Qe6
58.Qa8 Qd6 59.Qa7 Qe7 60.a5 Bd6 61.axb6  1-0

[Event "World Youth U18"]
[Site "Antalya TUR"]
[Date "2009.11.22"]
[Round "11"]
[White "Woods,C"]
[Black "Tasdelen,D"]
[Result "0-1"]
[WhiteElo "1996"]
[BlackElo "2058"]

1.Nf3 d5 2.c4 c6 3.g3 dxc4 4.Bg2 Bf5 5.O-O e6 6.Nc3 Nf6 7.a4 Nbd7 8.b3 cxb3
9.Qxb3 Qb6 10.Qa2 a5 11.Re1 Bc5 12.d4 Bb4 13.Bd2 O-O 14.Qc4 h6 15.Nh4 Bh7
16.h3 Rac8 17.Rab1 Bxb1 18.Rxb1 Qd8 19.e4 e5 20.Nf5 Nb6 21.Qd3 exd4 22.Ne2 Bxd2
23.Qxd2 c5 24.Nf4 Nc4  0-1

[Event "UTD Invitational A"]
[Site "Dallas USA"]
[Date "2009.11.23"]
[Round "3"]
[White "Wang Puchen"]
[Black "Stopa,Ja"]
[Result "1-0"]
[WhiteElo "2466"]
[BlackElo "2493"]

1.Nf3 d5 2.c4 c6 3.d4 Nf6 4.e3 e6 5.Nbd2 c5 6.b3 cxd4 7.exd4 Nc6 8.Bb2 Be7
9.Bd3 O-O 10.O-O b6 11.Rc1 Bb7 12.Qe2 Rc8 13.Rfd1 Qd6 14.Ne5 dxc4 15.Ndxc4 Qb8
16.d5 exd5 17.Nxb6 axb6 18.Nxc6 Rxc6 19.Qxe7 Ne4 20.Rxc6 Bxc6 21.Bxe4 dxe4
22.Bxg7 Kxg7 23.Qg5+ Kh8 24.Qf6+ Kg8 25.Qxc6 Qa8 26.Qxb6 Qxa2 27.h4 Qc2 28.Rd5 Qc1+
29.Kh2 h6 30.Qf6 Qc7+ 31.g3 Qc2 32.Rf5 e3 33.Rf4 Kh7 34.Qe7 exf2 35.Rxf7+ Rxf7
36.Qxf7+ Kh8 37.Kg2 Qb2 38.Qe6 Kg7 39.h5 Qd2 40.Qg6+ Kh8 41.Qf6+ Kh7 42.Qxf2 Qd5+
43.Qf3 Qd2+ 44.Kh3 Kg7 45.Qg4+ Kh7 46.Qf5+ Kh8 47.b4 Qc1 48.Qf3 Qb2 49.Qe3 Kg7
50.Qe7+  1-0

[Event "IV Open"]
[Site "Palma ESP"]
[Date "2009.11.23"]
[Round "4"]
[White "Piasetski,L"]
[Black "Koziak,V"]
[Result "1/2-1/2"]
[WhiteElo "2269"]
[BlackElo "2475"]

1.Nf3 d5 2.c4 e6 3.e3 Nf6 4.Nc3 c5 5.d4 Nc6 6.a3 a6 7.dxc5 Bxc5 8.b4 Ba7
9.Bb2 O-O 10.Qc2 Qe7 11.Rd1 Rd8 12.Be2 dxc4 13.Rxd8+ Nxd8 14.Bxc4 b5 15.Bd3 Bb7
16.O-O Rc8 17.Qb1 Bxf3 18.gxf3 Nb7 19.Rc1 Rd8 20.Ne2 Nd5 21.Bxh7+ Kh8 22.Be4 Nxe3
23.fxe3 Bxe3+ 24.Kh1 Bxc1 25.Qxc1 e5 26.Nc3 Nd6 27.Qe1 f5 28.Bb1 e4 29.Nd5 Qg5
30.f4 Qg4 31.Bxg7+ Kxg7 32.Qc3+ Kg6 33.Qf6+ Kh5 34.Qxd8 Qf3+ 35.Kg1 Qd1+
36.Kg2 Qf3+ 37.Kg1  1/2-1/2

[Event "ch-RSA"]
[Site "Cape Town RSA"]
[Date "2009.12.04"]
[Round "9"]
[White "De Villiers,C"]
[Black "Ophoff,J"]
[Result "1/2-1/2"]
[WhiteElo "2274"]
[BlackElo "2273"]

1.Nf3 d5 2.c4 c6 3.b3 Qb6 4.e3 Nf6 5.Be2 Bg4 6.h3 Bh5 7.Nc3 e6 8.g4 Bg6 9.Ne5 Nbd7
10.Nxg6 hxg6 11.Bb2 O-O-O 12.d4 dxc4 13.Bxc4 Ne5 14.Be2 Bb4 15.a3 Bxc3+ 16.Bxc3 Rh4
17.g5 Ne4 18.Qc2 Nd7 19.f4 Ng3 20.Rh2 Rdh8 21.Bg4 Nf5 22.Re2 Qa6 23.d5 Rxg4
24.hxg4 Rh1+ 25.Kf2 Rh2+ 26.Ke1 Rh1+ 27.Kf2 Rh2+ 28.Ke1 Rh1+  1/2-1/2

[Event "2nd Dragon Capital"]
[Site "Ho Chi Minh City VIE"]
[Date "2009.12.07"]
[Round "8"]
[White "Pham Le Thao Nguyen"]
[Black "Sharma,Di"]
[Result "1/2-1/2"]
[WhiteElo "2314"]
[BlackElo "2376"]

1.Nf3 d5 2.c4 c6 3.cxd5 cxd5 4.d4 Nf6 5.Nc3 a6 6.Bf4 e6 7.e3 b5 8.Bd3 Bb7
9.O-O Bd6 10.Bxd6 Qxd6 11.Rc1 O-O  1/2-1/2

[Event "Open"]
[Site "Pilsen CZE"]
[Date "2009.12.07"]
[Round "3"]
[White "Plischki,S"]
[Black "Mikulas,D"]
[Result "1-0"]
[WhiteElo "2347"]
[BlackElo "2210"]

1.Nf3 d5 2.c4 e6 3.d4 Nf6 4.Nc3 c6 5.Bg5 dxc4 6.e4 b5 7.e5 h6 8.Bh4 g5 9.Nxg5 Nd5
10.Nxf7 Qxh4 11.Nxh8 Bb4 12.Rc1 Qe4+ 13.Be2 Nf4 14.Qd2 Nxg2+ 15.Kd1 Ne3+
16.Qxe3 Qxh1+ 17.Kc2 Qxh2 18.Bf3 Qh4 19.Nxb5 Kd8 20.Rg1 Qe7 21.Rg8+ Kd7 22.Qxh6  1-0

[Event "Open"]
[Site "Pilsen CZE"]
[Date "2009.12.07"]
[Round "3"]
[White "Hubka,R"]
[Black "Nguyen,P"]
[Result "0-1"]
[WhiteElo "2017"]
[BlackElo "2353"]

1.Nf3 d5 2.c4 c6 3.cxd5 cxd5 4.d4 Nf6 5.g3 Nc6 6.Bg2 Bf5 7.O-O e6 8.Qb3 a6
9.Bg5 Na5 10.Qd1 Be7 11.Nbd2 O-O 12.Nh4 Bg4 13.f3 Bh5 14.Bh3 Rc8 15.Rc1 Qb6
16.Nb3 Nxb3 17.axb3 Rxc1 18.Bxc1 Rc8 19.Kh1 Nd7 20.Ng2 Bg6 21.Ne3 Rc7 22.f4 Be4+
23.Bg2 Bxg2+ 24.Nxg2 g6 25.f5 gxf5 26.Bf4 Bd6 27.e3 Nf6 28.Ne1 Kf8 29.Nd3 Bxf4
30.gxf4 Rc8 31.Ne5 Qc7 32.Rg1 Qc2 33.Qe1 Qe4+ 34.Rg2 Rc2 35.Qf1 Rxb2 36.Qf3 Rb1+
37.Rg1 Qxf3+ 38.Nxf3 Rxb3  0-1

[Event "ch-VIE Men Masters"]
[Site "Ho Chi Minh City VIE"]
[Date "2009.12.10"]
[Round "1"]
[White "Tu Hoang Thong"]
[Black "Nguyen Huynh Minh Huy"]
[Result "1/2-1/2"]
[WhiteElo "2509"]
[BlackElo "2500"]

1.Nf3 d5 2.c4 c6 3.g3 Nf6 4.Bg2 Bg4 5.Ne5 Be6 6.cxd5 Bxd5 7.Nf3 e6 8.Nc3 Bc4
9.O-O Be7 10.d3 Ba6 11.Rb1 Nd5 12.Nxd5 cxd5 13.b4 b5 14.Nd4 Qd7 15.Bf4 O-O
16.Rc1 Rc8 17.Rxc8+ Bxc8 18.Qd2 Bb7 19.Rc1 Nc6  1/2-1/2

[Event "Open"]
[Site "Pilsen CZE"]
[Date "2009.12.10"]
[Round "7"]
[White "Hubka,R"]
[Black "Strzelczyk,A"]
[Result "0-1"]
[WhiteElo "2017"]
[BlackElo "1826"]

1.Nf3 d5 2.c4 e6 3.b3 Nf6 4.Bb2 Be7 5.g3 O-O 6.Bg2 c5 7.cxd5 Nxd5 8.O-O Nc6
9.Nc3 Bf6 10.Rc1 b6 11.a3 Bb7 12.Re1 Rc8 13.d3 Qd7 14.Qd2 Rfd8 15.Ne4 Bxb2
16.Qxb2 Nde7 17.Ned2 Nf5 18.Ne5 Nxe5 19.Bxb7 Qxb7 20.Qxe5 Nd4 21.b4 cxb4
22.Rxc8 Qxc8 23.Nc4 bxa3 24.Qf4 a2 25.Qd2 a1=Q 26.Rxa1 Nb3 27.Qa2 Nxa1 28.Qxa1 b5
29.Ne3 Qc7 30.Qa3 Rb8  0-1

[Event "London Classic FIDE Open"]
[Site "London ENG"]
[Date "2009.12.11"]
[Round "5"]
[White "Osborne,M"]
[Black "Bass,J"]
[Result "1-0"]
[WhiteElo "2232"]
[BlackElo "2068"]

1.Nf3 d5 2.c4 e6 3.d4 c5 4.cxd5 exd5 5.Nc3 Nc6 6.g3 Nf6 7.Bg2 Be7 8.O-O O-O
9.Bg5 cxd4 10.Nxd4 h6 11.Bf4 Be6 12.Nxe6 fxe6 13.Qb3 Na5 14.Qc2 Rc8 15.Bh3 Rc6
16.Qg6 Qe8 17.Qxe8 Rxe8 18.Rac1 Bb4 19.Bg2 Nc4 20.b3 Nd6 21.Be5 Nf7 22.Bxf6 gxf6
23.Nb5 Rxc1 24.Rxc1 a6 25.Nd4 Bd6 26.f4 f5 27.Bf3 Kg7 28.Bh5 Kf6 29.Nf3 Rd8
30.Kf2 Bb8 31.Bxf7 Kxf7 32.Ke3 Ke7 33.Kd4 Ba7+ 34.Kd3 Bb8 35.a4 Kd7 36.Kd4 Ke7
37.a5 Ba7+ 38.Kd3 Bb8 39.Ne5 Bxe5 40.fxe5 Kd7 41.b4 Rg8 42.Rc5 b6 43.axb6 Rb8
44.Rc7+ Kd8 45.Rc6 Kd7 46.Rd6+ Ke7 47.Kd4 Rc8 48.b5 axb5 49.b7 Rb8 50.Rb6 Kd7
51.Kc5 Kc7 52.Rxb5 h5 53.Rb6  1-0

[Event "London Classic FIDE Open"]
[Site "London ENG"]
[Date "2009.12.11"]
[Round "5"]
[White "Gavriel,T"]
[Black "Ansell,S"]
[Result "0-1"]
[WhiteElo "2153"]
[BlackElo "2387"]

1.Nf3 d5 2.c4 c6 3.d4 Nf6 4.Nc3 dxc4 5.a4 Bf5 6.e3 e6 7.Bxc4 Bb4 8.Ne5 Nbd7
9.Nd3 Be7 10.a5 O-O 11.O-O b5 12.axb6 axb6 13.Rxa8 Qxa8 14.Nf4 e5 15.Nfe2 Bg6
16.Ng3 Rd8 17.Qb3 b5 18.Be2 b4 19.Na4 exd4 20.exd4 Qa7 21.Be3 Nd5 22.Rc1 Nxe3
23.fxe3 c5 24.Nxc5 Nxc5 25.dxc5 Bxc5 26.Nf1 h6 27.Re1 Qe7 28.Bc4 Rd6 29.Kh1 Rf6
30.Ng3 h5 31.Kg1 h4 32.Nf1 Qe5 33.Bd5 h3 34.Ng3 Rd6 35.Bc4 Rd2 36.gxh3 Rxb2  0-1

[Event "London Classic FIDE Open"]
[Site "London ENG"]
[Date "2009.12.11"]
[Round "5"]
[White "Rowe,D"]
[Black "Odeh,K"]
[Result "1-0"]
[WhiteElo "2194"]
[BlackElo "2001"]

1.Nf3 d5 2.c4 c6 3.b3 dxc4 4.bxc4 Nf6 5.g3 g6 6.Nc3 Bg7 7.Rb1 O-O 8.Bg2 Qc7
9.O-O Rd8 10.Qb3 b6 11.Ng5 h6 12.Nge4 Nxe4 13.Nxe4 Nd7 14.d3 Rb8 15.Be3 f5
16.Nc3 Kh7 17.Qa3 Bf6 18.d4 a6 19.Rfc1 g5 20.f4 Bb7 21.d5 gxf4 22.Bxf4 Ne5
23.Qb3 b5 24.Qc2 Qb6+ 25.e3 Bc8 26.cxb5 cxb5 27.Na4 Qa7 28.Nc5 Qb6 29.Qe2 Kg6
30.Rb3 Ra8 31.Nd3 Nxd3 32.Rxd3 Ra7 33.Rc6 Qa5 34.e4 Bd7 35.exf5+ Bxf5 36.Be4 Bxe4
37.Qxe4+ Kg7 38.Bd2 Qa4 39.Qe3 Qd1+ 40.Kg2 Qh5 41.Rxf6 Kxf6 42.Qxa7 Rxd5
43.Bc3+ Kg6 44.Qxe7 Qf5 45.Qg7+ Kh5 46.g4+  1-0

[Event "London Classic FIDE Open"]
[Site "London ENG"]
[Date "2009.12.12"]
[Round "6"]
[White "Campbell,E"]
[Black "Clarke,B"]
[Result "0-1"]
[WhiteElo "1910"]
[BlackElo "2056"]

1.Nf3 d5 2.c4 e6 3.g3 Nf6 4.Bg2 c6 5.O-O Bd6 6.d4 O-O 7.Nbd2 b5 8.c5 Bc7
9.Qc2 Nbd7 10.e4 dxe4 11.Nxe4 Nd5 12.Nfg5 h6 13.h4 hxg5 14.Nxg5 N7f6 15.f4 Qd7
16.Bh3 Ne7 17.Be3 Nf5 18.Bf2 Nxd4 19.Bxd4 Qxd4+ 20.Kh2 Qc4 21.Qf2 Rd8 22.Rfd1 Bb7
23.b3 Rxd1 24.Rxd1 Qc3 25.Qe2 e5 26.Rd3 Qxc5 27.fxe5 Qxe5 28.Re3 Qd6 29.Bf5 Rd8
30.Rd3 Qf8 31.Rxd8 Qxd8 32.Bg6 Bxg3+ 33.Kg1 Qd4+ 34.Kf1 Qf4+ 35.Kg1 Qf2+  0-1

[Event "30th Edoardo Crespi Magistrale"]
[Site "Milan ITA"]
[Date "2009.12.12"]
[Round "9"]
[White "Vezzosi,P"]
[Black "David,Alb"]
[Result "0-1"]
[WhiteElo "2363"]
[BlackElo "2593"]

1.Nf3 d5 2.c4 e6 3.d4 Nf6 4.Nc3 Bb4 5.Bg5 Nbd7 6.cxd5 exd5 7.e3 c5 8.Bxf6 Nxf6
9.Bb5+ Bd7 10.Bxd7+ Qxd7 11.O-O O-O 12.dxc5 Bxc3 13.bxc3 Rac8 14.Qd4 Qe7
15.Rab1 Ne4 16.c4 dxc4 17.Qxc4 Rxc5 18.Qb4 b6 19.Rbc1 Nxf2  0-1

[Event "ch-VIE Men Masters"]
[Site "Ho Chi Minh City VIE"]
[Date "2009.12.13"]
[Round "5"]
[White "Nguyen Sy Hung"]
[Black "Phan Trong Binh"]
[Result "0-1"]
[WhiteElo "2013"]
[BlackElo "2072"]

1.Nf3 d5 2.c4 dxc4 3.Nc3 Nf6 4.Qa4+ Nc6 5.g3 e6 6.Bg2 Bd7 7.Qxc4 Be7 8.O-O O-O
9.d3 Ne8 10.h4 Nd6 11.Qg4 e5 12.Qh5 g6 13.Qh6 Nf5 14.Qd2 Be6 15.e4 Nfd4 16.Nxd4 Nxd4
17.h5 Qd7 18.f4 exf4 19.gxf4 Bc5 20.Kh2 Bg4 21.f5 Bxh5 22.Nd5 Qd6+ 23.Kh1 Qg3
24.b4 Qh4+  0-1

[Event "London Classic FIDE Open"]
[Site "London ENG"]
[Date "2009.12.13"]
[Round "7"]
[White "Campbell,E"]
[Black "Bratteteig,Tore_Inge"]
[Result "1-0"]
[WhiteElo "1910"]
[BlackElo "1679"]

1.Nf3 d5 2.c4 e6 3.g3 Nf6 4.Bg2 Be7 5.O-O O-O 6.d4 c6 7.Qc2 Re8 8.Nbd2 Nbd7
9.e4 dxe4 10.Nxe4 Nxe4 11.Qxe4 Nf6 12.Qe2 Qc7 13.Bf4 Bd6 14.Ne5 Nd7 15.c5 Bxe5
16.Bxe5 Nxe5 17.dxe5 b6 18.Rfd1 Bb7 19.Rd6 Red8 20.Rad1 bxc5 21.Qd2 Rxd6
22.Qxd6 Qxd6 23.Rxd6 Kf8 24.Bxc6 Bxc6 25.Rxc6 Rb8 26.b3 Rb5 27.Rc8+ Ke7 28.Rc7+ Ke8
29.Rxa7 c4 30.bxc4 Rxe5 31.Rb7 Rc5 32.Rb4 Rc7 33.Kf1 Kd7 34.Ke2 Kd6 35.Kd3 f5
36.f4 g5 37.Kd4 g4 38.Rb6+ Ke7 39.c5 Kf6 40.c6 Ra7 41.Rb2 Ra5 42.c7 Ra4+
43.Kc3  1-0

[Event "Tch-SLO League"]
[Site "Rogaska Slatina SLO"]
[Date "2009.12.13"]
[Round "5"]
[White "Navinsek,T"]
[Black "Stucl,B"]
[Result "0-1"]
[WhiteElo "2292"]
[BlackElo "2260"]

1.Nf3 d5 2.c4 e6 3.g3 Nf6 4.Bg2 Be7 5.O-O O-O 6.b3 b6 7.Bb2 Bb7 8.e3 c5 9.Qe2 dxc4
10.bxc4 Nc6 11.Ne5 Qc8 12.Nxc6 Bxc6 13.a4 Nd7 14.f4 Bf6 15.Bxf6 Nxf6 16.Nc3 Rd8
17.Rfb1 h5 18.Rb2 g6 19.a5 Rb8 20.Rab1 Bxg2 21.Qxg2 Qc7 22.axb6 Rxb6 23.Rxb6 axb6
24.Kf1 Kg7 25.Ke1 Qd6 26.Qe2 Qc6 27.e4 e5 28.Nd5 Rb8 29.Qf3 Nxd5 30.exd5 Qf6
31.Kf2 Qf5 32.Rb3 e4 33.Qc3+ f6 34.Qb2 Qh3 35.Kg1 h4 36.Qa3 Rb7 37.Qa6 Rf7
38.Qxb6 Qg4 39.Kf2 Qd1 40.Rb2 Qf3+ 41.Ke1 Qh1+ 42.Ke2 Qxh2+ 43.Kd1 hxg3 44.d4 Qg1+
45.Kc2 Qxd4 46.Kb3 Qd3+  0-1

[Event "16th Open B"]
[Site "Zadar CRO"]
[Date "2009.12.14"]
[Round "3"]
[White "Pandurevic,M"]
[Black "Jelecevic,I"]
[Result "1/2-1/2"]
[WhiteElo "2277"]
[BlackElo "2187"]

1.Nf3 d5 2.c4 c6 3.e3 Nf6 4.a3 g6 5.Nc3 Bg7 6.cxd5 cxd5 7.d4 O-O 8.Bd3 Nc6
9.h3 Re8 10.O-O a6 11.Bd2 e5 12.dxe5 Nxe5 13.Nxe5 Rxe5 14.Qc2 Re8 15.Rfd1 Be6
16.Ne2 Ne4 17.Bxe4 dxe4 18.Bc3 Qc7 19.Rd2 Bxc3 20.Nxc3 f5 21.Rad1 Re7 22.Rd6 Rc8
23.R1d4 Qc5 24.Qd1 Kg7 25.f3 exf3 26.Qxf3 Qe5 27.Qf4 Rc5 28.h4 Qxf4 29.exf4 Bf7
30.Kf2 Be8 31.R6d5 Rcc7 32.Rd8 Bc6 33.h5 Re8 34.hxg6 hxg6 35.Rxe8 Bxe8  1/2-1/2